[Event "Mecklenburg VP-ch MT"]
[Site "Greifswald"]
[Date "2021.06.25"]
[Round "3"]
[White "Schmidt, Paul1111"]
[Black "Bartel, Jethro Aldrich"]
[Result "0-1"]
[WhiteElo "1915"]
[BlackElo "1530"]
[PlyCount "50"]
[EventDate "2021.06.24"]
[EventType "swiss"]
[EventRounds "7"]
[EventCountry "GER"]
[SourceTitle "EXT 2022"]
[Source "ChessBase"]
[SourceDate "2021.10.06"]
[SourceVersion "1"]
[SourceVersionDate "2021.10.06"]
[SourceQuality "1"]

1. e4 c5 2. Nf3 d6 3. d4 cxd4 4. Nxd4 Nf6 5. Nc3 Nc6 6. Be3 Ng4 7. Qd2 Nxe3 8. Qxe3 Qb6 9. 0-0-0 g6 10. Nd5 Qa5 11. Nb3 Qd8 12. Bc4 Bg7 13. f4 0-0 14. h3 e6 15. Nc3 Qe7 16. Qg3 a6 17. h4 b5 18. Bd3 h5 19. f5 Kh7 20. fxg6+ fxg6 21. e5 Nxe5 22. Be4 d5 23. Bxd5 exd5 24. Nxd5 Qa7 25. Rhe1 Qf2 0-1